Statistics for Egyptian Gods Quiz

Click here to take the quiz!

General Stats

  • This quiz has been taken 894 times
  • The average score is 9 of 27

Answer Stats

Hint Answer % Correct
The goddess of magic, wife of her brother Osiris, and mother of HorusIsis
88%
The god of the underworld, husband of Isis and father of HorusOsiris
86%
The god of funerals and deathAnubis
81%
The war god, son of Isis and OsirisHorus
78%
The god of evilSet
71%
The cat goddessBast
60%
The god of knowledgeThoth
56%
The sky goddessNut
49%
The crocodile godSobek
42%
The earth godGeb
42%
The lion goddessSekhmet
40%
The sun god, the god of orderAmun-Ra
30%
The dwarf godBes
26%
The air god, great-grandfather of AnubisShu
22%
The god of ChaosApophis
20%
The god of the NileHapi
18%
The scorpion goddessSerqet
16%
The scarab god, Ra's aspect in the morningKhepri
16%
The vulture goddessNekhbet
14%
The hippo goddessTawaret
13%
The hunting goddessNeith
13%
The baboon godBabi
13%
The moon goddessKhonsu
11%
The frog goddessHeket
10%
The goose godGengen-Wer
4%
Minor lion goddess, married to OnurisMekhit
3%
A god of judgment who works for OsirisDisturber
2%

Score Distribution

Percentile by Number Answered

Percent of People with Each Score

Your Score History

You have not taken this quiz